Veterinary Nursing.-- 3rd ed. (Record no. 78348)

MARC details
000 -LEADER
fixed length control field 01058nam a2200229 a 4500
008 - FIXED-LENGTH DATA ELEMENTS--GENERAL INFORMATION
fixed length control field 071115s2003 ||||||||||||||||| || u
020 ## - INTERNATIONAL STANDARD BOOK NUMBER
International Standard Book Number 0750655259
050 ## - LIBRARY OF CONGRESS CALL NUMBER
Classification number SF 774.5 Vet
100 ## - MAIN ENTRY--PERSONAL NAME
Personal name Lane, D. R
245 10 - TITLE STATEMENT
Title Veterinary Nursing.-- 3rd ed.
Statement of responsibility, etc edited by D. R. Lane and B. C. Cooper
250 ## - EDITION STATEMENT
Edition statement 3rd ed.
260 ## - PUBLICATION, DISTRIBUTION, ETC. (IMPRINT)
Place of publication, distribution, etc Philadelpia
Name of publisher, distributor, etc Butterworth-Heinemann
Date of publication, distribution, etc 2003
300 ## - PHYSICAL DESCRIPTION
Extent xii, 787p., ill.
350 ## -
-- 0.00
650 ## - SUBJECT ADDED ENTRY--TOPICAL TERM
Topical term or geographic name as entry element VETERINARY NURSING
650 ## - SUBJECT ADDED ENTRY--TOPICAL TERM
Topical term or geographic name as entry element PETS--DISEASES--NURSING
650 ## - SUBJECT ADDED ENTRY--TOPICAL TERM
Topical term or geographic name as entry element VETERENARY
700 ## - ADDED ENTRY--PERSONAL NAME
Personal name Cooper, B. C
995 ## - RECOMMENDATION 995 [LOCAL, UNIMARC FRANCE]
-- 0.00
-- CBU-MAIN LIBRARY (Kitwe)
-- 1
-- 0.00
-- 2
-- AVAILABLE
-- Feb 10, 2009
-- Main Library Open Access Collection
995 ## - RECOMMENDATION 995 [LOCAL, UNIMARC FRANCE]
-- 0.00
-- CBU-MAIN LIBRARY (Kitwe)
-- 1
-- 0.00
-- 3
-- AVAILABLE
-- May 14, 2009
-- Annex Low-Usage Collection
995 ## - RECOMMENDATION 995 [LOCAL, UNIMARC FRANCE]
-- 0.00
-- CBU-MAIN LIBRARY (Kitwe)
-- 1
-- 0.00
-- 1
-- AVAILABLE
-- Main Library Open Access Collection
Holdings
Withdrawn status Lost status Source of classification or shelving scheme Damaged status Not for loan Permanent Location Current Location Shelving location Date acquired Total Checkouts Full call number Barcode Date last seen Copy number Price effective from Koha item type
          CBU-MAIN LIBRARY, KITWE. CBU-MAIN LIBRARY, KITWE.   05/16/2023   SF 774.5 Vet 739544 05/16/2023 1 05/16/2023 MONOGRAPH
          CBU-MAIN LIBRARY, KITWE. CBU-MAIN LIBRARY, KITWE.   05/16/2023   SF 774.5 Vet 739974 05/16/2023 2 05/16/2023 MONOGRAPH
          CBU-MAIN LIBRARY, KITWE. CBU-MAIN LIBRARY, KITWE.   05/16/2023   SF 774.5 Vet 738169 05/16/2023 3 05/16/2023 MONOGRAPH